Un drama terrible

Enregistré dans:
Détails bibliographiques
Auteur principal: Martí, José
Format: Livre
Langue:Undetermined
Publié: La Habana, Cuba Editora Política 1987
Sujets:
Tags: Ajouter un tag
Pas de tags, Soyez le premier à ajouter un tag!

MARC

LEADER 00000nam a2200000Ia 4500
008 170316s9999 xx 000 0 und d
040 |a cru BVZT 
090 |a 860 M-7u 
100 |a Martí, José 
245 |a Un drama terrible 
260 |a La Habana, Cuba 
260 |b Editora Política 
260 |c 1987 
300 |a 94 páginas 
650 |a LITERATURA LATINOAMERICANA 
999 |c 8987  |d 8987 
942 |c 15 D  |h 860 M-7u  |2 z